000 00574nam a22002057a 4500
003 OSt
005 20160810150942.0
008 160810b xxu||||| |||| 00| 0 eng d
020 _a9780198529453
040 _cDNLM.
082 _aWA100M566m 2005.
100 _aDrummond,F.Micheal;[et...al]
_910590
245 _aMethods for the Economic Evaluation of Health Care Programmes.
250 _a3rd ed
260 _aoxford;
_bOxford University Press.
_c2005.
300 _a379p;
_bill;
_c24cm.
504 _aincludes index.
650 _aHealth Care.
_912
942 _2z
_cO_SHELF
999 _c4944
_d4944